Quizzes
Events
Quiz Creation
Community
Videos
Private Events
Remove Ads
Sign In
Join for FREE
Feedback
Dark Mode
Quiz Categories
Sports
Geography
Music
Movies
Television
Just For Fun
Miscellaneous
History
Literature
Language
Science
Gaming
Entertainment
Religion
Holiday
For Kids
Quiz Lab
Recent
Popular Today
Quiz Kudos Today
Editor Picks
Curator Picks
Quizzes by...
Day
Popularity
Type
Ratings
Length
Year
Community
Subscriptions
Recent Discussions
Orange Saloon
Badges
Playlists
Quests
Create
Leaderboards
Showdown
Live 5
Trivia Bingo
Activity
Puzzle Library
Sporcle Events
Private Events
Virtual Trivia
Globe League
Become a Host
Pub Owners
SporcleCon
Opinionation
Our Games
Videos
Blog
Mobile Apps
Partnerships
Remove Ads and Go Orange
Feedback
Language
Vocabulary
Begins and Ends
Definition
Spanish
French
German
Italian
Chinese
Latin
Translation
Japanese
Language
Vocabulary
Begins and Ends
Definition
Spanish
French
German
Italian
Chinese
Latin
Translation
Japanese
Random Quiz
Search Sporcle
×
Quiz Lab
Quiz Lab
Language
United Kingdom
Type in answers that appear in a list
Type in answers that appear in a list
Classic
Best Score? Go Orange.
Most Offensive Swear Words (UK) Stats
Can you name the Most Offensive Swear Words (UK)?
By
Poggington
5m
28 Questions
4,702 Plays
4,702 Plays
4,702 Plays
Comments
Comments
Give Quiz Kudos
Give Quiz Kudos
-
- Ratings
hide this ad
More Info
Replay
Link that replays current quiz
Next Quiz
Link to next quiz in quiz playlist
You Got
0%
They Got
Avg Score
36%
Avg Friend Score
Upgrade to see
Score Distribution
Jump to the score distribution portion of the page
Score
0/28
Timer
05:00
1
Play Today
Rank #
Swear Word
% Correct
3
To engage in coitus or ruin, or write off in contempt
94.2%
1
Female genitalia or contemtuous person
89.8%
17
Faeces, defecation or general waste, or a fallacy
84.8%
18
Glans of the penis or contemptuous person
70.1%
20
Posterior or pedantic person
64.1%
4
A male who engages in a physical relationship with himslef or a contemptuous person
57.9%
13
Female genitalia or contemptuous person
54.4%
6
Illegitimate child or contemptuous person
52.5%
5
Person of Afro-Caribbean descent or culture
43.4%
9
Anus or contemptuous person
41.2%
12
Licencée of the oldest profession
39.5%
2
One who engages in a physical relationship with his female biological parent
39%
7
Penis, end of sharp implement, or contemptuous person
38.3%
8
Fallacy, lie, or testes
34.8%
Rank #
Swear Word
% Correct
27
Gory, or contemptuous adjective
27.4%
26
Faeces, general waste, adjective of contempt, and dice game
26.9%
16
Promiscuous female
20.2%
21
Irritating person or sodomite
20%
22
Spherical plaything or testes
19.2%
10
Person of actual or perceived Pakistani descent
18%
28
Ultimate deity in monotheistic belief systems
13.4%
15
Person with cerebral palsy
12.5%
11
Fluffy carpet or verb for intercourse
10.2%
23
Follower of the covenant between the Israelites and their deity
10.2%
25
Title bestowed to Jesus of Nazareth by his followers
8.9%
24
Contemptuous adjective
8.5%
14
Call to leave premises, refute plan, or anger
6.6%
19
Ajdective or past participle referring to the angered
5.5%
Quiz Playlist
Details
Report
Send in Message
Add To Playlist
More Info:
These words were ranked as the most offensive by a media and advertising survey of the public in 2000.
Classic:
Type in answers that appear in a list
Quiz Source
Last Updated: Feb 16, 2017
Quiz Scoreboard
CHALLENGE
Sign Up to Join the Scoreboard
Show All
Scores
Hide
Comments
May contain spoilers
Recently Published
TV Characters by Other Roles V
by ghcgh
Television
5m
Decade Duel: World Leaders
by jenniferyan
History
4m
Alphabetical 'K' Countries by Flag Minefield
by ylime102
Geography
3m
More to Explore
Quiz From the Vault
Featured Blog Post
15 Basketball Trivia Facts You Can Be March Mad About
hide this ad
You Might Also Like...
Tags
United Kingdom Quiz
English
English Words
Offensive
Swear
UK
Today's Top Quizzes in Language
Browse Language
hide this ad
Today's Top Quizzes in United Kingdom
Browse United Kingdom
Top Contributed Quizzes in Language
1
Spring or Fall
2
Spanish Seasons
3
UNIT 1 Quiz A
4
Seasonal Rhymes
5
Multilingual Seasons
6
Einsilbige Reime auf Chips
7
Forms of Gustar
8
Name the 4 Seasons in English
9
Spring or Fall?
10
Quick Pick: Seasons in Esperanto
Explore More
Trending Topics
Anime
Harry Potter
Kpop
NBA
Crossword
Disney
Marvel
The Office
WWE
Puzzle
Song
Country
Pokémon
Soccer
NFL
hide this ad
More By:
Poggington
Quiz
Plays
Rating
Category
Featured
Created
Premier League top scorers by nationality
15,253
4.33
Sports
Jan 5, 2017
Premier League clubs by Facebook Likes
5,218
4.43
Sports
Apr 26, 2014
Most Offensive Swear Words (UK)
4,701
2.67
Language
May 13, 2013
Cities of Italy by landmark (slideshow)
2,118
3.60
Geography
Dec 2, 2013
Cities of Germany by landmark (slideshow)
840
4.17
Geography
Dec 2, 2013
Go to Creator's Profile
Score Distribution
Quiz Creator Spotlight
Poggington
Follow
Send a Message
Quizzes Created
-
Created Quiz Play Count
-
More By This Creator
Popular Quizzes Today
1
Countries of Asia Without Outlines Minefield
2
Find the US States - No Outlines Minefield
3
Pick 6: Fruits
4
The Countries of the World
5
Find the Countries of Europe - No Outlines Minefield
6
Alphabetical 'K' Countries by Flag Minefield
7
Find the US States
8
US States
More Language Quizzes
Eight Letter Matching II
Editor's Pick
Trending Quizzes
Pick 6: Mountains
Pick 6: Harry Potter
Pick 6: NFL Teams
Pick 6: Flags
C Names for Actors
Recently Updated
Adaptations: Name the Title
pecheneg
NWSL Teams
pecheneg
Women's Final Four Teams by Year
bhenderson79
Presidents Quartet II
eogle
Anything But Clue(do)
eogle
Anything But Oceanian Capitals
eogle
Anything But 7
eogle
Anything But Thing
eogle
Word Ladder: February 29
pecheneg
Song Title Questions
pecheneg
Trending Topics
Marvel
Kpop
Disney
Crossword
Anime
NBA
Harry Potter
The Office
Puzzle
Song
NFL
Country
Soccer
Pokémon
WWE
Your Account Isn't Verified!
In order to create a playlist on Sporcle, you need to verify the email address you used during registration. Go to your
Sporcle Settings
to finish the process.
Report this User
Report this user for behavior that violates our
Community Guidelines
.
Details:
Send Report
Go to the Sporcle.com Mobile Site →
Comments